000 00696nam a22002177a 4500
005 20170124110200.0
010 _aB-063003
020 _c00.00
_a8124202214
035 _aB-063003
037 _bCen Lib/Ret
040 _aDPL
_bEN
082 _a133.5
_bLEO
100 _aLeo, Alan
_935890
245 _aPractical astrology :
_cby Alan Leo
_bbeing a simple method of instruction in the science of astrology /
260 _aNew Delhi
_bCrest Publishing House
_c2001
270 _aG-2, 16 Ansari Road, Darya Ganj
_bNew Delhi
_e110002
300 _ax,188p.
_c21cm(Hb)
650 _aAstrology
_95898
650 _aAstrology and psychology
_935891
942 _2ddc
_cEN
_h133.5
_mLEO
999 _c132836
_d132836